[Event "4NCL/Div4a/OXF2 vs. RICB"]
[Site "Telford ENG"]
[Date "2005.04.16"]
[Round "7.3"]
[White "Morris, Graham"]
[Black "Kenyon, Scott"]
[Result "0-1"]
[WhiteElo "2050"]
[BlackElo "1875"]
[PlyCount "62"]
[EventDate "2005.04.16"]
[SourceDate "2004.09.21"]

1. e4 e6 2. d3 d5 3. Nd2 Nf6 4. Ngf3 b6 5. g3 Bb7 6. e5 Nfd7 7. Bg2 d4 8. O-O
c5 9. Re1 Nc6 10. Nf1 Be7 11. Qe2 g5 12. h3 h5 13. N1h2 Rg8 14. Nd2 Ndxe5 15.
Qxh5 Qd7 16. Ne4 Nb4 17. Nxg5 Bxg5 18. Bxb7 Qxb7 19. Bxg5 Ng6 20. Ng4 Nd5 21.
Nf6+ Nxf6 22. Bxf6 Nf4 23. Rxe6+ Nxe6 24. Re1 Qc6 25. Kh2 Rg6 26. Qe5 Kd7 27.
f4 Qf3 28. Bh4 f5 29. Rg1 Rf8 30. Rg2 Kc6 31. Kg1 Qe3+ 0-1

[Event "4NCL/Div4a/OXF2 vs. RICB"]
[Site "Telford ENG"]
[Date "2005.04.16"]
[Round "7.4"]
[White "Gaudeau, Valentin"]
[Black "Burt, Will"]
[Result "1-0"]
[WhiteElo "1745"]
[BlackElo "2045"]
[PlyCount "79"]
[EventDate "2005.04.16"]
[SourceDate "2004.09.21"]

1. d4 d5 2. c4 e5 3. dxe5 d4 4. Nf3 Nc6 5. g3 Be6 6. Nbd2 Qd7 7. a3 a5 8. Qb3
Nge7 9. Ne4 Ng6 10. Bf4 Be7 11. h4 a4 12. Qc2 Na5 13. e3 Nb3 14. Rd1 O-O-O 15.
Nxd4 Nxf4 16. gxf4 Nxd4 17. exd4 Qc6 18. Bh3 Kb8 19. Bxe6 Qxe6 20. Ng5 Bxg5 21.
hxg5 Qg4 22. Qe4 h5 23. Rd3 g6 24. b3 Qd7 25. Rhh3 Rhe8 26. d5 Kc8 27. bxa4
Qxa4 28. Rb3 Rd6 29. Rb4 Qa5 30. Kf1 Rb6 31. Qb1 Qc5 32. Rd3 Rxb4 33. Qxb4 Qa7
34. Rb3 h4 35. c5 Rh8 36. c6 bxc6 37. dxc6 Qa6+ 38. Qb5 Qa7 39. Qb7+ Qxb7 40.
Rxb7 1-0

[Event "4NCL/Div4a/OXF2 vs. RICB"]
[Site "Telford ENG"]
[Date "2005.04.16"]
[Round "7.5"]
[White "Ludbrook, Matt"]
[Black "Sirisena, Anuk"]
[Result "1-0"]
[WhiteElo "2039"]
[BlackElo "1820"]
[PlyCount "35"]
[EventDate "2005.04.16"]
[SourceDate "2004.09.21"]

1. e4 g6 2. Nc3 Bg7 3. g3 d6 4. Bg2 Nc6 5. d3 e5 6. Be3 Nge7 7. Qd2 Be6 8. Bh6
O-O 9. h4 Nd4 10. O-O-O Nec6 11. h5 Qd7 12. Bxg7 Kxg7 13. Kb1 b5 14. Nd5 b4 15.
Rf1 a5 16. f4 exf4 17. Qxf4 Nxc2 18. Qf6+ 1-0

[Event "4NCL/Div4a/OXF2 vs. RICB"]
[Site "Telford ENG"]
[Date "2005.04.16"]
[Round "7.6"]
[White "Ryan, Julian"]
[Black "Smith, Jonathan"]
[Result "0-1"]
[WhiteElo "1725"]
[BlackElo "1925"]
[PlyCount "88"]
[EventDate "2005.04.16"]
[SourceDate "2004.09.21"]

1. e4 c5 2. Nf3 e6 3. d4 cxd4 4. Nxd4 Nf6 5. Nc3 Nc6 6. Ndb5 d6 7. Bf4 e5 8.
Bg5 a6 9. Na3 Be6 10. Be2 Be7 11. Nc4 Rc8 12. Ne3 O-O 13. O-O Nxe4 14. Nxe4
Bxg5 15. Nxd6 Rc7 16. Ne4 Rd7 17. Qe1 Bxe3 18. fxe3 Qb6 19. Qc3 Ne7 20. Rf3 f6
21. Bc4 Rc8 22. Qb3 Qxb3 23. Bxb3 Bxb3 24. cxb3 Rc2 25. Rf2 Rc8 26. Nc3 Rcd8
27. e4 Rd2 28. Nd5 Rxf2 29. Kxf2 Nxd5 30. Rd1 Kf7 31. Rxd5 Rxd5 32. exd5 f5 33.
g4 g6 34. Ke3 Ke7 35. Kd3 b5 36. b4 Kd6 37. b3 Kxd5 38. a4 e4+ 39. Ke3 Ke5 40.
gxf5 gxf5 41. h4 f4+ 42. Ke2 Kd4 43. axb5 axb5 44. h5 Kc3 0-1

[Event "4NCL/Div4a/SLOS4 vs. NOTT"]
[Site "Telford ENG"]
[Date "2005.04.16"]
[Round "7.1"]
[White "Nelson, Omowale"]
[Black "Barnes, Michael H"]
[Result "1/2-1/2"]
[WhiteElo "2086"]
[BlackElo "2254"]
[PlyCount "56"]
[EventDate "2005.04.16"]
[SourceDate "2004.09.21"]

1. d4 Nf6 2. c4 g6 3. Nc3 Bg7 4. e4 d6 5. Be2 O-O 6. Nf3 e5 7. O-O Na6 8. Bg5
h6 9. Bd2 exd4 10. Nxd4 Nc5 11. Qc2 Re8 12. Bf3 c6 13. Rad1 Ng4 14. Nb3 Nxb3
15. axb3 Qh4 16. Bf4 Ne5 17. Bxe5 dxe5 18. g3 Qe7 19. Qd3 Be6 20. Na4 Qb4 21.
Qc3 Bf8 22. Rd3 b5 23. cxb5 cxb5 24. Qxb4 Bxb4 25. Nc3 Bxb3 26. Ra1 Bc4 27. Rd7
Re7 28. Nd5 Bxd5 1/2-1/2

[Event "4NCL/Div4a/SLOS4 vs. NOTT"]
[Site "Telford ENG"]
[Date "2005.04.16"]
[Round "7.2"]
[White "Walker, Andrew N"]
[Black "de Coverly, Roger"]
[Result "1-0"]
[WhiteElo "2075"]
[BlackElo "2093"]
[PlyCount "127"]
[EventDate "2005.04.16"]
[SourceDate "2004.09.21"]

1. e4 e5 2. Nc3 Nc6 3. Nf3 Nf6 4. Bb5 Bb4 5. d3 d6 6. O-O Bxc3 7. bxc3 O-O 8.
Bg5 Qe7 9. Nd2 Nd8 10. Qf3 Ne6 11. Bxf6 Qxf6 12. Qxf6 gxf6 13. g3 c5 14. Bc4
Nc7 15. f4 b5 16. Bb3 Be6 17. f5 Bxb3 18. cxb3 d5 19. exd5 Nxd5 20. Ne4 Kg7 21.
Rac1 c4 22. dxc4 bxc4 23. Rf3 Nb6 24. bxc4 Nxc4 25. Rd3 Rfd8 26. Rcd1 Rxd3 27.
Rxd3 Rb8 28. a4 Rb1+ 29. Kf2 Ra1 30. Nc5 Nb6 31. Rd6 Nxa4 32. Ne4 Rc1 33. Nxf6
Nxc3 34. Nh5+ Kf8 35. Rd7 e4 36. f6 Rd1 37. Rc7 Rd2+ 38. Ke1 Rd1+ 39. Kf2 Rd2+
40. Kf1 Rd1+ 41. Kg2 Rd2+ 42. Kh3 Ke8 43. Rxc3 Rd3 44. Rc4 e3 45. Ra4 Rd5 46.
Re4+ Kd8 47. g4 Rd3 48. Nf4 Ra3 49. Ne2 a5 50. Kg3 Rd3 51. Kf4 Rd6 52. g5 h6
53. h4 hxg5+ 54. hxg5 Ra6 55. Nc3 e2 56. Rxe2 a4 57. Re7 a3 58. Rxf7 Ra4+ 59.
Kf5 Rc4 60. Rf8+ Kd7 61. Na2 Rc2 62. Nb4 Rb2 63. Ra8 Rxb4 64. f7 1-0

[Event "4NCL/Div4a/SLOS4 vs. NOTT"]
[Site "Telford ENG"]
[Date "2005.04.16"]
[Round "7.3"]
[White "Ufodike, Bell"]
[Black "Truman, Richard G"]
[Result "0-1"]
[WhiteElo "2095"]
[BlackElo "2019"]
[PlyCount "62"]
[EventDate "2005.04.16"]
[SourceDate "2004.09.21"]

1. d4 Nf6 2. c4 g6 3. Nc3 d5 4. cxd5 Nxd5 5. e4 Nxc3 6. bxc3 Bg7 7. Ba3 O-O 8.
Bd3 b6 9. Ne2 c5 10. d5 e6 11. Qc2 Bb7 12. Rd1 exd5 13. exd5 Qg5 14. Be4 Nd7
15. c4 f5 16. Bc1 Qh4 17. Bf3 Ne5 18. Nf4 Nxf3+ 19. gxf3 Rfe8+ 20. Kf1 Be5 21.
Ng2 Qf6 22. f4 Bd4 23. h4 b5 24. Qb3 Rad8 25. h5 Re7 26. hxg6 hxg6 27. Qxb5
Rxd5 28. Rh3 Rdd7 29. Nh4 Rh7 30. Nxg6 Rxh3 31. Qxd7 Bf3 0-1

[Event "4NCL/Div4a/SLOS4 vs. NOTT"]
[Site "Telford ENG"]
[Date "2005.04.16"]
[Round "7.4"]
[White "Thompson, Brian"]
[Black "Makepeace, Philip J"]
[Result "1/2-1/2"]
[WhiteElo "2060"]
[BlackElo "2015"]
[PlyCount "41"]
[EventDate "2005.04.16"]
[SourceDate "2004.09.21"]

1. d4 Nf6 2. Nf3 g6 3. Nc3 d5 4. Bf4 c6 5. e3 Bg4 6. Be2 Bxf3 7. Bxf3 Nbd7 8.
O-O Bg7 9. Qd2 O-O 10. e4 dxe4 11. Nxe4 Nxe4 12. Bxe4 e5 13. dxe5 Nxe5 14. Rad1
Qxd2 15. Rxd2 f5 16. Bd3 Nxd3 17. Rxd3 Rad8 18. Rfd1 Bf6 19. Rd7 Rxd7 20. Rxd7
Rd8 21. Rxd8+ 1/2-1/2

[Event "4NCL/Div4a/SLOS4 vs. NOTT"]
[Site "Telford ENG"]
[Date "2005.04.16"]
[Round "7.5"]
[White "Edgell, Ben P"]
[Black "Webster, Richard J"]
[Result "1-0"]
[WhiteElo "2025"]
[BlackElo "1968"]
[PlyCount "75"]
[EventDate "2005.04.16"]
[SourceDate "2004.09.21"]

1. d4 Nf6 2. Nf3 g6 3. g3 b6 4. Bg2 Bb7 5. O-O Bg7 6. c4 O-O 7. Nc3 d5 8. Qb3
dxc4 9. Qxc4 Nbd7 10. Rd1 e6 11. Bf4 Rc8 12. b4 Qe7 13. Ne5 Bxg2 14. Kxg2 Nxe5
15. Bxe5 Rfd8 16. e4 c6 17. f3 Bh6 18. Bxf6 Qxf6 19. e5 Qe7 20. Ne4 Bf8 21. Nd6
Rc7 22. Rac1 Qd7 23. Ne4 Be7 24. a4 c5 25. b5 Qd5 26. dxc5 Qxe5 27. Rxd8+ Bxd8
28. c6 Be7 29. f4 Qh5 30. Rc2 e5 31. fxe5 Qxe5 32. Rf2 Bd8 33. Nc3 Qe6 34. Qd4
Be7 35. Re2 Qd6 36. Qxd6 Bxd6 37. Re8+ Kg7 38. Nd5 1-0

[Event "4NCL/Div4a/HKFC vs. CONQ"]
[Site "Telford ENG"]
[Date "2005.04.16"]
[Round "7.1"]
[White "Fowler, Simon"]
[Black "Osborne, Marcus E"]
[Result "1-0"]
[WhiteElo "2154"]
[BlackElo "2178"]
[PlyCount "105"]
[EventDate "2005.04.16"]
[SourceDate "2004.09.21"]

1. d4 Nf6 2. Bg5 e6 3. e4 c5 4. d5 d6 5. Nc3 Be7 6. Bb5+ Bd7 7. dxe6 fxe6 8.
Bc4 Qa5 9. Bd2 Qc7 10. Nf3 Nc6 11. O-O Nd4 12. Be3 Nxf3+ 13. Qxf3 O-O 14. Qh3
Qc8 15. f4 b5 16. Nxb5 d5 17. e5 dxc4 18. exf6 Rxf6 19. Nc3 Rh6 20. Qg4 Rg6 21.
Qe2 Bc6 22. Rf2 Bh4 23. g3 Qe8 24. Kf1 Bxg3 25. hxg3 Rxg3 26. Ke1 Qg6 27. Bxc5
Qf5 28. Qe5 Rg1+ 29. Rf1 Rxf1+ 30. Kxf1 Qh3+ 31. Ke2 Qf3+ 32. Kd2 Rd8+ 33. Bd4
Qg2+ 34. Ne2 Bf3 35. c3 Qg6 36. Qe3 Bxe2 37. Qxe2 e5 38. fxe5 Qg5+ 39. Qe3 Qg2+
40. Qe2 Qg5+ 41. Kc2 Qg6+ 42. Kc1 Qh6+ 43. Qe3 Qh1+ 44. Qg1 Qh6+ 45. Kc2 Qa6
46. Qg5 Rd7 47. Rf1 h6 48. Qf5 Rxd4 49. cxd4 Qxa2 50. Qf7+ Kh8 51. Rg1 Qb3+ 52.
Kb1 g5 53. Rh1 1-0

[Event "4NCL/Div4a/HKFC vs. CONQ"]
[Site "Telford ENG"]
[Date "2005.04.16"]
[Round "7.2"]
[White "Prizant, Michael"]
[Black "Tavoularis, Nicholas"]
[Result "1/2-1/2"]
[WhiteElo "2125"]
[BlackElo "2202"]
[PlyCount "92"]
[EventDate "2005.04.16"]
[SourceDate "2004.09.21"]

1. e4 c5 2. c3 Nf6 3. e5 Nd5 4. d4 cxd4 5. Nf3 Nc6 6. cxd4 g6 7. Nc3 Nxc3 8.
bxc3 Bg7 9. Bc4 O-O 10. O-O d6 11. exd6 Qxd6 12. Re1 Bf5 13. a4 Qc7 14. Ba2 Na5
15. Ne5 Rad8 16. Qf3 e6 17. Bf4 Qe7 18. Qe2 g5 19. Bg3 b6 20. h3 Rfe8 21. Qb5
Qb7 22. f3 a6 23. Qb2 Nc6 24. Bb1 Nxe5 25. Bxe5 Bxe5 26. Rxe5 f6 27. Re2 Qc7
28. Bxf5 exf5 29. Rae1 Rxe2 30. Rxe2 Rd6 31. Qb3+ Kg7 32. Qb4 a5 33. Qb3 Rc6
34. Rc2 Rc4 35. Kh1 Kg6 36. Qb5 h5 37. Qe8+ Qf7 38. Qb5 Qe6 39. Rc1 h4 40. d5
Qc8 41. Qxb6 Rxc3 42. Rxc3 Qxc3 43. Qc6 Qe1+ 44. Kh2 g4 45. fxg4 fxg4 46. hxg4
Qg3+ 1/2-1/2

[Event "4NCL/Div4a/HKFC vs. CONQ"]
[Site "Telford ENG"]
[Date "2005.04.16"]
[Round "7.4"]
[White "Foster, James C"]
[Black "Goodwin, Ed"]
[Result "0-1"]
[WhiteElo "1835"]
[BlackElo "2005"]
[PlyCount "144"]
[EventDate "2005.04.16"]
[SourceDate "2004.09.21"]

1. e4 e6 2. d4 c5 3. Nf3 cxd4 4. c3 Nf6 5. e5 Nd5 6. Qxd4 Nc6 7. Qe4 f5 8. Qe2
Be7 9. g3 b6 10. Bg2 Bb7 11. Nbd2 O-O 12. O-O Qc8 13. Re1 Ba6 14. Qd1 b5 15. a3
Rb8 16. Nf1 Bb7 17. Bf4 Na5 18. Nd4 Nxf4 19. gxf4 Bxg2 20. Kxg2 Nc4 21. Rb1
Qb7+ 22. f3 a6 23. Re2 Kh8 24. Nd2 Nb6 25. Qe1 Nd5 26. Qg3 g5 27. fxg5 Bxg5 28.
Kf1 Rg8 29. Qf2 Nf4 30. N2b3 Nxe2 31. Nxe2 Qd5 32. Nc5 Rbc8 33. Nxa6 Qd3 34.
Ra1 Qe3 35. Qxe3 Bxe3 36. Rd1 Rgd8 37. Nb4 Rc4 38. Nc2 Bb6 39. Ned4 Rg8 40.
Nxb5 Rg1+ 41. Ke2 Rxd1 42. Kxd1 Rh4 43. b4 Rxh2 44. a4 f4 45. a5 Be3 46. a6
Rh1+ 47. Ke2 Rh2+ 48. Kd1 Rh1+ 49. Ne1 Bf2 50. Ke2 Be3 51. c4 Rh2+ 52. Kd3 Ra2
53. a7 Bxa7 54. c5 Bb8 55. Nc3 Rb2 56. Kc4 Bxe5 57. Nd3 Bxc3 58. Kxc3 Rb1 59.
Nxf4 Rf1 60. Kd4 Rxf3 61. Nxe6 Rb3 62. Kc4 Rb1 63. Nf8 Rc1+ 64. Kd5 Rd1+ 65.
Ke5 Rb1 66. Nxh7 Kxh7 67. Kd6 Rxb4 68. Kxd7 Rd4+ 69. Kc7 Kg7 70. c6 Kf7 71. Kb7
Rb4+ 72. Kc8 Ke8 0-1

[Event "4NCL/Div4a/HKFC vs. CONQ"]
[Site "Telford ENG"]
[Date "2005.04.16"]
[Round "7.5"]
[White "Forman, Karl L"]
[Black "Cork, David J"]
[Result "1/2-1/2"]
[WhiteElo "2025"]
[BlackElo "1885"]
[PlyCount "106"]
[EventDate "2005.04.16"]
[SourceDate "2004.09.21"]

1. e4 c5 2. d4 cxd4 3. c3 d3 4. Bxd3 Nc6 5. f4 e5 6. Nf3 d5 7. exd5 Qxd5 8. O-O
Bc5+ 9. Kh1 Nf6 10. c4 Qd8 11. Nc3 O-O 12. fxe5 Ng4 13. Ne4 Be3 14. Qe2 Bxc1
15. Raxc1 Ncxe5 16. Nxe5 Nxe5 17. Bb1 Bg4 18. Qe3 Qe7 19. c5 Be6 20. Ng5 Ng6
21. Rfe1 Rfe8 22. Qg3 Qf6 23. Nxe6 Rxe6 24. Rxe6 Qxe6 25. Re1 Qc6 26. b4 a5 27.
a3 axb4 28. axb4 Qb5 29. Bxg6 hxg6 30. Qc3 Qc6 31. h3 Ra2 32. Qg3 Ra8 33. Kg1
Qb5 34. Qc3 Rd8 35. Rb1 Qe2 36. Qg3 Qc2 37. Re1 Qc4 38. Qc7 Qd4+ 39. Kh1 Qd2
40. Rf1 Rd7 41. Qc8+ Kh7 42. Qe8 Qd5 43. Re1 Qf5 44. Kg1 g5 45. Qe4 Kg6 46. g4
Qxe4 47. Rxe4 Kf6 48. Kf2 Rd3 49. Kg2 Rb3 50. Kh2 Rb2+ 51. Kg3 Rb3+ 52. Kg2
Rb2+ 53. Kf3 Rb3+ 1/2-1/2

[Event "4NCL/Div4a/HKFC vs. CONQ"]
[Site "Telford ENG"]
[Date "2005.04.16"]
[Round "7.6"]
[White "Ryan, Raymond"]
[Black "Bullock, Andrew"]
[Result "0-1"]
[WhiteElo "1720"]
[BlackElo "1985"]
[PlyCount "70"]
[EventDate "2005.04.16"]
[SourceDate "2004.09.21"]

1. d4 Nf6 2. c4 e5 3. Nc3 exd4 4. Qxd4 Nc6 5. Qd1 Bc5 6. Nf3 h6 7. e4 Ng4 8.
Be3 Nxe3 9. fxe3 Bxe3 10. Qd3 Bf4 11. Nd5 Ne5 12. Nxe5 Bxe5 13. O-O-O d6 14.
Be2 O-O 15. Rhf1 c6 16. Nf4 Qg5 17. g3 f5 18. h4 Qf6 19. Rd2 fxe4 20. Qxe4 Bf5
21. Qe3 Rfe8 22. Qb3 b6 23. c5+ d5 24. Bh5 Bxf4 25. Rxf4 Re1+ 26. Rd1 Rxd1+ 27.
Bxd1 Qe5 28. cxb6 axb6 29. Qxb6 Rxa2 30. Rxf5 Qxf5 31. Qd8+ Qf8 32. Qd7 Ra1+
33. Kd2 Qb4+ 34. Ke3 Qe4+ 35. Kd2 Qd4+ 0-1

[Event "4NCL/Div4a/CAMB2 vs. CHED"]
[Site "Telford ENG"]
[Date "2005.04.16"]
[Round "7.1"]
[White "Churm, Rohan M"]
[Black "Acey, Gerald"]
[Result "1/2-1/2"]
[WhiteElo "2178"]
[BlackElo "2130"]
[PlyCount "69"]
[EventDate "2005.04.16"]
[SourceDate "2004.09.21"]

1. e4 g6 2. d4 Bg7 3. Nc3 d6 4. Nf3 Nf6 5. h3 c6 6. Be3 O-O 7. Be2 Nbd7 8. O-O
Qc7 9. a4 b6 10. Qd2 Bb7 11. Nh2 e5 12. Rfd1 Rfe8 13. f3 Rad8 14. dxe5 dxe5 15.
Qe1 Nf8 16. a5 Ne6 17. axb6 axb6 18. Ra7 Rxd1 19. Nxd1 Ra8 20. Rxa8+ Bxa8 21.
Bc4 c5 22. Qd2 Bc6 23. Ng4 Nxg4 24. hxg4 Nd4 25. c3 Nb5 26. Bg5 Nd6 27. Bd5 Bb5
28. Ne3 Bf8 29. Bf6 Ne8 30. g5 Nxf6 31. gxf6 Bh6 32. Qf2 Bd7 33. Bb3 Qd6 34.
Nd5 Bg5 35. Qe2 1/2-1/2

[Event "4NCL/Div4a/CAMB2 vs. CHED"]
[Site "Telford ENG"]
[Date "2005.04.16"]
[Round "7.2"]
[White "Richardson, Alex"]
[Black "Gooding, Ian"]
[Result "1-0"]
[WhiteElo "2119"]
[BlackElo "2085"]
[PlyCount "77"]
[EventDate "2005.04.16"]
[SourceDate "2004.09.21"]

1. e4 e6 2. d3 d5 3. Nd2 c5 4. g3 Nc6 5. Bg2 Nf6 6. Ngf3 Be7 7. O-O O-O 8. e5
Nd7 9. Qe2 b5 10. Re1 a5 11. h4 Ba6 12. Nf1 b4 13. Bf4 a4 14. a3 c4 15. Red1
cxd3 16. cxd3 bxa3 17. bxa3 Nc5 18. Ne1 Nb3 19. Ra2 Qa5 20. Qg4 Rfc8 21. Ne3
Ncd4 22. Kh2 Rc3 23. Bg5 Bf8 24. h5 Rac8 25. h6 g6 26. Qf4 Qc7 27. Ng4 Nc1 28.
Nf6+ Kh8 29. Nxd5 exd5 30. Qxd4 Nxa2 31. e6+ f6 32. Bxf6+ Kg8 33. e7 Bxe7 34.
Bxe7 Kf7 35. Bg5 Bb7 36. Bh3 Rg8 37. Qf6+ Ke8 38. Nf3 Rc1 39. Bxc1 1-0

[Event "4NCL/Div4a/CAMB2 vs. CHED"]
[Site "Telford ENG"]
[Date "2005.04.16"]
[Round "7.3"]
[White "Low, Ying Min"]
[Black "Lee, Chon-Yiu"]
[Result "1-0"]
[WhiteElo "2027"]
[BlackElo "2120"]
[PlyCount "83"]
[EventDate "2005.04.16"]
[SourceDate "2004.09.21"]

1. d4 Nf6 2. c4 g6 3. Nc3 Bg7 4. e4 d6 5. Nf3 O-O 6. Be2 e5 7. O-O Nc6 8. d5
Ne7 9. Nd2 a5 10. Rb1 Nd7 11. a3 f5 12. b4 b6 13. Na4 Bh6 14. c5 Nf6 15. cxd6
cxd6 16. Nxb6 axb4 17. Nxa8 Bxd2 18. Qxd2 Bb7 19. Nb6 Qxb6 20. Qxb4 Qxb4 21.
Rxb4 Ba8 22. f3 f4 23. Bd2 Nd7 24. Rfb1 Kf7 25. Rc4 Ng8 26. Rc7 Ke7 27. Ba5
Ngf6 28. Ba6 Bxd5 29. exd5 Ra8 30. Bc8 Rxa5 31. Rbb7 Rxa3 32. h3 Ra2 33. Rxd7+
Nxd7 34. Rxd7+ Ke8 35. Rxd6 Ra7 36. Be6 Ke7 37. Rb6 Kf6 38. Rb8 Ke7 39. Kh2 Rc7
40. Rh8 Kf6 41. Rf8+ Kg7 42. Rd8 1-0

[Event "4NCL/Div4a/CAMB2 vs. CHED"]
[Site "Telford ENG"]
[Date "2005.04.16"]
[Round "7.4"]
[White "Gregory, Philip J"]
[Black "Webster, Peter"]
[Result "1-0"]
[WhiteElo "2122"]
[BlackElo "2020"]
[PlyCount "43"]
[EventDate "2005.04.16"]
[SourceDate "2004.09.21"]

1. e4 e6 2. d4 d5 3. Nc3 Bb4 4. e5 Ne7 5. Qg4 O-O 6. Bd3 Nd7 7. Nf3 f5 8. Qh3
Re8 9. a3 Bxc3+ 10. bxc3 c5 11. Ng5 Nf8 12. Qh5 Bd7 13. Rb1 c4 14. Be2 Qc8 15.
Nf7 g6 16. Nh6+ Kg7 17. Qh4 Ng8 18. Bg5 Rd8 19. Bf6+ Nxf6 20. exf6+ Kh8 21.
Nf7+ Kg8 22. Qh6 1-0

[Event "4NCL/Div4a/CAMB2 vs. CHED"]
[Site "Telford ENG"]
[Date "2005.04.16"]
[Round "7.5"]
[White "Kreuzer, Christopher"]
[Black "Handley, Mark"]
[Result "1-0"]
[WhiteElo "1955"]
[BlackElo "2100"]
[PlyCount "57"]
[EventDate "2005.04.16"]
[SourceDate "2004.09.21"]

1. e4 c5 2. Nf3 e6 3. d4 cxd4 4. Nxd4 a6 5. Be3 Qc7 6. Be2 Nf6 7. Nd2 Nc6 8.
O-O b5 9. Nxc6 dxc6 10. c4 e5 11. Qc2 Bd6 12. cxb5 cxb5 13. Qxc7 Bxc7 14. Rac1
Ba5 15. Nb3 Bb4 16. Bc5 Bxc5 17. Rxc5 Nd7 18. Rc7 O-O 19. Rd1 Nf6 20. Nc5 Re8
21. a4 Rb8 22. a5 Ra8 23. Rd6 Kf8 24. Rcc6 Ke7 25. f4 exf4 26. e5 Ng4 27. Rc7+
Kf8 28. Bf3 Rxe5 29. Rd8+ 1-0

[Event "4NCL/Div4a/CAMB2 vs. CHED"]
[Site "Telford ENG"]
[Date "2005.04.16"]
[Round "7.6"]
[White "Sullivan, Daniel J S"]
[Black "Kapadia, Sujit"]
[Result "1-0"]
[WhiteElo "1970"]
[BlackElo "1835"]
[PlyCount "67"]
[EventDate "2005.04.16"]
[SourceDate "2004.09.21"]

1. d4 d5 2. c4 c6 3. Nf3 Nf6 4. Nc3 dxc4 5. a4 Bf5 6. e3 e6 7. Bxc4 Bb4 8. O-O
O-O 9. Qe2 Nbd7 10. e4 Bg6 11. Bd3 c5 12. e5 Bxd3 13. Qxd3 Nd5 14. Ng5 g6 15.
Qh3 h5 16. Nxe6 fxe6 17. Qxe6+ Kh7 18. Nxd5 a5 19. Nf4 Ra6 20. Qd5 Qc8 21. Ne6
Rf5 22. Ng5+ Kg7 23. Ne6+ Kh7 24. Be3 Nb6 25. Ng5+ Kg7 26. Qe6 cxd4 27. Bxd4
Nd7 28. Qd5 Kh6 29. Nf3 Qc7 30. Qg8 Nf8 31. Be3+ g5 32. Bxg5+ Rxg5 33. Qxg5+
Kh7 34. Qxh5+ 1-0

[Event "4NCL/Div4a/GLOSG vs. SLOS2"]
[Site "Telford ENG"]
[Date "2005.04.16"]
[Round "7.1"]
[White "Hosken, Nigel"]
[Black "Harris, Michael"]
[Result "1/2-1/2"]
[WhiteElo "2205"]
[BlackElo "2234"]
[PlyCount "41"]
[EventDate "2005.04.16"]
[SourceDate "2004.09.21"]

1. d4 Nf6 2. c4 g6 3. Nc3 Bg7 4. e4 O-O 5. Be2 d6 6. Bg5 c5 7. dxc5 Qa5 8. Bd2
dxc5 9. e5 Nfd7 10. f4 Nc6 11. Nf3 f6 12. exf6 Nxf6 13. O-O Bf5 14. Nh4 Qd8 15.
Nxf5 gxf5 16. Be3 Nd4 17. Bf3 Qc7 18. Bxd4 cxd4 19. Nd5 Nxd5 20. Bxd5+ Kh8 21.
Qd3 1/2-1/2

[Event "4NCL/Div4a/GLOSG vs. SLOS2"]
[Site "Telford ENG"]
[Date "2005.04.16"]
[Round "7.2"]
[White "Mulligan, Stephen"]
[Black "White, Michael J R"]
[Result "1/2-1/2"]
[WhiteElo "2170"]
[BlackElo "2178"]
[PlyCount "126"]
[EventDate "2005.04.16"]
[SourceDate "2004.09.21"]

1. d4 Nf6 2. Nf3 g6 3. g3 Bg7 4. Bg2 O-O 5. O-O d6 6. c4 Nbd7 7. Nc3 e5 8. e4
exd4 9. Nxd4 Re8 10. Re1 a6 11. h3 Rb8 12. Rb1 Ne5 13. b3 c5 14. Nc2 Qe7 15.
Bg5 Qf8 16. Ne3 b5 17. Bxf6 Bxf6 18. Ncd5 Bg7 19. Kh2 h5 20. Qe2 Nc6 21. Nc2 f5
22. cxb5 axb5 23. Nf4 Ne5 24. Qd1 Bb7 25. exf5 Bxg2 26. Kxg2 Qxf5 27. Qd5+ Kh7
28. Ne3 Qd7 29. Rbd1 Rbd8 30. Qe4 Qf7 31. Qd5 Qxd5+ 32. Nexd5 Rd7 33. Nd3 Ra7
34. Nxe5 Rxe5 35. Rxe5 Bxe5 36. Rd2 g5 37. f4 gxf4 38. gxf4 Bd4 39. Kf3 Rg7 40.
Re2 h4 41. Re7 c4 42. bxc4 bxc4 43. Ke4 Rxe7+ 44. Nxe7 Ba7 45. a4 Bb6 46. Nd5
Ba7 47. a5 Kg6 48. a6 Kf7 49. Nc3 Ke6 50. f5+ Kf6 51. Nb5 Bc5 52. Nxd6 c3 53.
Kd3 Ke5 54. Ne4 c2 55. Kxc2 Kxe4 56. f6 Kd5 57. f7 Kc6 58. Kd3 Kb6 59. Kc4 Ba3
60. Kd5 Kxa6 61. Ke6 Kb5 62. Kf5 Kc4 63. Kg4 Be7 1/2-1/2

[Event "4NCL/Div4a/GLOSG vs. SLOS2"]
[Site "Telford ENG"]
[Date "2005.04.16"]
[Round "7.3"]
[White "Buchanan, David"]
[Black "Roberson, Peter T"]
[Result "0-1"]
[WhiteElo "2100"]
[BlackElo "2139"]
[PlyCount "62"]
[EventDate "2005.04.16"]
[SourceDate "2004.09.21"]

1. e4 c6 2. Nc3 d5 3. Nf3 Bg4 4. d4 e6 5. h3 Bxf3 6. Qxf3 dxe4 7. Nxe4 Be7 8.
Bd3 Nf6 9. O-O Nbd7 10. c3 O-O 11. Nxf6+ Nxf6 12. Re1 Qd5 13. Qg3 Rfd8 14. Re5
Qd7 15. Bh6 Ne8 16. Bf4 Bf6 17. Re3 Nd6 18. Be5 Bxe5 19. Rxe5 Ne8 20. Bxh7+
Kxh7 21. Qh4+ Kg8 22. Rh5 f6 23. Rh8+ Kf7 24. Qh5+ g6 25. Rh7+ Ng7 26. Qh6 Rg8
27. Re1 Qd5 28. Qf4 Rad8 29. Re3 g5 30. Qg4 Qf5 31. Rf3 Qxh7 0-1

[Event "4NCL/Div4a/GLOSG vs. SLOS2"]
[Site "Telford ENG"]
[Date "2005.04.16"]
[Round "7.4"]
[White "Payne, Nick (res)"]
[Black "Dodwell, Phil"]
[Result "1/2-1/2"]
[WhiteElo "2101"]
[BlackElo "2100"]
[PlyCount "164"]
[EventDate "2005.04.16"]
[SourceDate "2004.09.21"]

1. e4 e5 2. Nf3 Nc6 3. Bc4 Nf6 4. d3 Be7 5. Nc3 d6 6. h3 Na5 7. Be3 Nxc4 8.
dxc4 c5 9. Qd3 h6 10. O-O-O Be6 11. g4 Qa5 12. Nh4 O-O-O 13. Nf5 Bf8 14. f4
Bxf5 15. gxf5 Be7 16. Kb1 Rd7 17. Rhg1 Rg8 18. Rg2 Qd8 19. Rdg1 Qf8 20. Nd5
Nxd5 21. Qxd5 exf4 22. Bxf4 Bf6 23. Bxh6 Bd4 24. f6 Bxf6 25. Bg5 Bd4 26. Rf1
Rh8 27. Rf3 f6 28. Bf4 Qe7 29. Qf5 Re8 30. Re2 Be5 31. Bd2 Kb8 32. Rd3 Qe6 33.
Qxe6 Rxe6 34. Kc1 Re8 35. Bc3 Bxc3 36. bxc3 Kc7 37. Kd2 Rde7 38. Rg3 g5 39. Kd3
Rh8 40. Rf2 Rh6 41. Rgf3 Re6 42. Rf1 b6 43. R1f2 a6 44. Rf1 Rh4 45. Re3 b5 46.
Rfe1 Kc6 47. cxb5+ axb5 48. Rf1 c4+ 49. Kd2 Rh7 50. Ra1 Ra7 51. Ke2 Kc5 52. Kf3
Ra6 53. Kg4 Re5 54. Rf1 Rxa2 55. Rxf6 Rxc2 56. Rf5 Rg2+ 57. Kf3 Rg1 58. Kf2 Rc1
59. Rg3 Rc2+ 60. Ke1 b4 61. Rxe5+ dxe5 62. cxb4+ Kd4 63. Rxg5 Kxe4 64. h4 Kf4
65. Rg7 Rh2 66. b5 Ke3 67. Rg3+ Kd4 68. Rg4+ e4 69. b6 Rb2 70. Rg6 c3 71. Kd1
e3 72. Rd6+ Ke5 73. Rc6 e2+ 74. Ke1 c2 75. b7 Rxb7 76. Rxc2 Rh7 77. Rxe2+ Kf4
78. Rh2 Kg4 79. Rg2+ Kh3 80. Rg1 Rxh4 81. Rh1+ Kg3 82. Rxh4 Kxh4 1/2-1/2

[Event "4NCL/Div4a/GLOSG vs. SLOS2"]
[Site "Telford ENG"]
[Date "2005.04.16"]
[Round "7.5"]
[White "White, Ian R"]
[Black "Lutton, J Ezra"]
[Result "1/2-1/2"]
[WhiteElo "2070"]
[BlackElo "2135"]
[PlyCount "64"]
[EventDate "2005.04.16"]
[SourceDate "2004.09.21"]

1. Nf3 Nc6 2. d4 d6 3. Nc3 g6 4. e4 Bg7 5. h3 Nf6 6. Be3 O-O 7. Be2 e5 8. dxe5
Nxe5 9. Nxe5 dxe5 10. Qxd8 Rxd8 11. O-O c6 12. Rfd1 Rxd1+ 13. Rxd1 Be6 14. f3
Bf8 15. a3 Nd7 16. Kf2 Bc5 17. Bc4 Bxe3+ 18. Kxe3 Nc5 19. Bxe6 Nxe6 20. Rd7 Rb8
21. Ne2 Kf8 22. f4 Ke8 23. Rd2 exf4+ 24. Nxf4 Nxf4 25. Kxf4 h6 26. Ke5 Ke7 27.
Rd6 Rf8 28. Rd3 f6+ 29. Kf4 f5 30. Rb3 b6 31. exf5 Rxf5+ 32. Ke3 Ke6 1/2-1/2

[Event "4NCL/Div4a/GLOSG vs. SLOS2"]
[Site "Telford ENG"]
[Date "2005.04.16"]
[Round "7.6"]
[White "Purton, Ben J"]
[Black "Gilmour, Andrew J"]
[Result "1-0"]
[WhiteElo "2085"]
[BlackElo "2075"]
[PlyCount "80"]
[EventDate "2005.04.16"]
[SourceDate "2004.09.21"]

1. e4 c5 2. Nf3 d6 3. Bb5+ Nd7 4. c3 Ngf6 5. Qa4 e6 6. O-O Be7 7. Re1 O-O 8. d4
a6 9. Bd3 cxd4 10. cxd4 e5 11. Qd1 exd4 12. Nxd4 Ne5 13. Bc2 Re8 14. h3 Qb6 15.
Nc3 Bxh3 16. Na4 Qa7 17. Be3 Bg4 18. f3 b5 19. Nxb5 Qb7 20. Nbc3 Be6 21. Nb6
Rab8 22. b3 Red8 23. Ncd5 Bxd5 24. Nxd5 Nxd5 25. exd5 Bf6 26. Be4 Nd7 27. Rc1
Rdc8 28. Rc6 Bc3 29. Re2 Bb4 30. Rec2 Bc5 31. Bxc5 dxc5 32. f4 Nf6 33. Bf3 Rxc6
34. dxc6 Qb6 35. Kh1 Rd8 36. Qg1 Rd4 37. Qxd4 cxd4 38. c7 Ne8 39. c8=Q Qh6+ 40.
Kg1 Kf8 1-0